| 000 | 01126cam a22003737a 4500 | ||
|---|---|---|---|
| 003 | CHAP | ||
| 005 | 20220817043952.0 | ||
| 008 | 040123d2001 it rn 00110 eng d | ||
| 010 | _a89010 | ||
| 011 | _a89982 | ||
| 020 | _a9251049785 | ||
| 035 | _a100538 | ||
| 040 | _cCHAP | ||
| 082 | 0 | 4 |
_a614.3 _bF3 v. 41/15 |
| 110 | 2 | _aFAO | |
| 245 | 1 | 0 |
_aResidues of some veterinary drugs in animals and food _c/by FAO |
| 260 |
_aRome : _bFAO, _c2003. |
||
| 300 | _a77 p. | ||
| 410 | 2 | 1 | _aFAO |
| 490 | 0 |
_aAlimentación y nutrición _v; 41/15 |
|
| 590 |
_aBATCH-UPD _b10 _c20130110 _lUCH01 _h0843 |
||
| 590 |
_aBATCH-UPD _b10 _c20130410 _lUCH01 _h0518 |
||
| 590 |
_aBATCH-UPD _b10 _c20130914 _lUCH01 _h0205 |
||
| 590 |
_aCONVERSION _b10 _c20130109 _lUCH01 _h1349 |
||
| 650 | 1 | 4 |
_aAlimentos _xContaminación. _94205 |
| 650 | 1 | 4 |
_aAlimentos _xToxicología. _94296 |
| 650 | 1 | 4 |
_aInocuidad alimentaria. _958836 |
| 810 | 0 | _aFAO | |
| 830 | 0 | 0 |
_aAlimentacion y nutricion _v; 41/15 _94112 |
| 901 | _aBK | ||
| 905 | _aAlejandra Carrasco M. | ||
| 942 | _cLIBRO | ||
| 949 |
_a614.3 F3 v.41/15 _bBC _cFAO _d33724000994927 _eFAO1 _h104777 _i100538 _sb |
||
| 999 |
_c89010 _d89010 |
||